=LDR 00000nam 2200000 4500 =001 NUTBA000000000000984 =005 20140407180558.0 =006 =007 =008 =020 ##$$a 978-979-010-784-7 =035 ##$$a 0010-041400000000254 =082 ##$$a 371.2-Bah-b =100 ##$$a Bahrul Hidayat =245 ##$$a Mutu pendidikan =250 ##$$a ed.1 =260 ##$$a Jakarta $b Bumi Aksara $c 2010 =300 ##$$a xii,446 hlm $c 21 cm =990 ##$$a 93098/BPAP-NTB/2014